[Event "Oberliga Nord W 9899"]
[Site "Germany"]
[Date "1998.12.13"]
[Round "3.2"]
[White "Zeitlein, Michael"]
[Black "Sawatzki, Frank"]
[Result "1/2-1/2"]
[WhiteElo "2455"]
[BlackElo "2270"]
[PlyCount "61"]
[EventDate "1998.10.??"]
[EventType "team"]
[EventRounds "9"]
[EventCountry "GER"]
[SourceTitle "EXT 2003"]
[Source "ChessBase"]
[SourceDate "2002.11.25"]
[SourceVersion "1"]
[SourceVersionDate "2002.11.25"]
[SourceQuality "1"]
[WhiteTeam "Werder Bremen II"]
[BlackTeam "Goettingen"]
[WhiteTeamCountry "GER"]
[BlackTeamCountry "GER"]

1. d4 Nf6 2. Nf3 g6 3. Bf4 Bg7 4. e3 0-0 5. h3 d6 6. Be2 c5 7. c3 Be6 8. Nbd2 Qb6 9. Qb1 Nc6 10. 0-0 Rfc8 11. Ng5 Bd7 12. Nc4 Qd8 13. dxc5 dxc5 14. Rd1 b5 15. Ne5 Nxe5 16. Bxe5 Qe8 17. a4 a6 18. axb5 axb5 19. Qd3 Bc6 20. Rxa8 Rxa8 21. b4 Bh6 22. Bxf6 exf6 23. Nf3 cxb4 24. cxb4 Bf8 25. Nd4 Bd7 26. Nxb5 Bxb5 27. Qxb5 Qxb5 28. Bxb5 Bxb4 29. Rd7 Ra1+ 30. Bf1 Rc1 31. Ra7 1/2-1/2